1950s Albums (Hard) - Statistics

General Stats
  • This quiz has been taken 103 times
  • The average score is 5 of 20
Answer Stats
Picture Answer % Correct
Gunfighter Ballads and Trail Songs - Marty Robbins
55%
The Everly Brothers - The Everly Brothers
51%
Bo Diddley - Bo Diddley
38%
Patsy Cline - Patsy Cline
36%
That's All - Bobby Darin
36%
The Blues - B.B. King
36%
Mingus Ah Um - Charles Mingus
33%
The Best of Muddy Waters - Muddy Waters
30%
Brilliant Corners - Thelonious Monk
29%
Dance Album - Carl Perkins
26%
The Platters - The Platters
25%
Charlie Parker With Strings - Charlie Parker
24%
Saxophone Colossus - Sonny Rollins
22%
Gene Vincent and the Blue Caps - Gene Vincent and the Blue Caps
17%
Clyde - Clyde McPhatter
14%
The Teenagers - Frankie Lymon and the Teenagers
14%
Singin' to My Baby - Eddie Cochran
13%
The Coasters - The Coasters
11%
Exciting Lloyd Price - Lloyd Price
8%
I'm Jimmy Reed - Jimmy Reed
3%
No matching quizzes found
Score Distribution
Percent of People with Each Score
Percentile by Number Answered
Your Score History
You have not taken this quiz